000
00545nam a2200133Ia 4500
008
100328s9999 xx 000 0 und d
082
_b
8144
100
_a
---
245
_a
श्रीसाहिरोबानाथ-कवितासंग्रह
260
_b
सदेभक्ती प्रिंटींग प्रेस
630
_a
श्रीसाहिरोबानाथ-कवितासंग्रह
730
_a
श्रीसाहिरोबानाथ-कवितासंग्रह
942
_c
BOOK
999
_c
503937
_d
503934